| 000 -LEADER |
| fixed length control field |
01229nam a2200241 a 4500 |
| 003 - CONTROL NUMBER IDENTIFIER |
| control field |
AR-BaISA |
| 005 - DATE AND TIME OF LATEST TRANSACTION |
| control field |
20240821122046.0 |
| 006 - FIXED-LENGTH DATA ELEMENTS--ADDITIONAL MATERIAL CHARACTERISTICS |
| fixed length control field |
aad||fr|||| 001 0 |
| 008 - FIXED-LENGTH DATA ELEMENTS--GENERAL INFORMATION |
| fixed length control field |
240821b xxu||||| |||| 00| 0 spa d |
| 020 ## - INTERNATIONAL STANDARD BOOK NUMBER |
| International Standard Book Number |
0821358480 |
| 040 ## - CATALOGING SOURCE |
| Language of cataloging |
spa |
| Transcribing agency |
AR-BaISA |
| 041 ## - LANGUAGE CODE |
| Language code of text/sound track or separate title |
ing. |
| 082 04 - DEWEY DECIMAL CLASSIFICATION NUMBER |
| Edition number |
22 |
| Classification number |
615.547 T971 |
| 245 ## - TITLE STATEMENT |
| Title |
Battling HIV/AIDS: |
| Remainder of title |
a decision maker´s guide to the Procurement of Medicines and Related Supplies / |
| Statement of responsibility, etc. |
Yolanda Tayler (ed.) |
| 260 ## - PUBLICATION, DISTRIBUTION, ETC. |
| Place of publication, distribution, etc. |
Washington D.C.: |
| Name of publisher, distributor, etc. |
The World Bank, |
| Date of publication, distribution, etc. |
2004 |
| 300 ## - PHYSICAL DESCRIPTION |
| Extent |
XXV, 152 p.: |
| Other physical details |
il., graf. |
| 505 ## - FORMATTED CONTENTS NOTE |
| Title |
Challenges in scaling up treatment -- |
| -- |
Intellectual Property Rights: a concise guide -- |
| -- |
Managing the supply cycle for better outcomes -- |
| -- |
Product selection, quantification and quality assurance -- |
| -- |
Procurement -- |
| -- |
Pricing |
| -- |
Annex A. Estimating Resource Requirements for AIDS Treatment -- |
| -- |
Annex B. Intellectual Property Rights: how they affect procurement and what steps can be taken -- |
| -- |
Annex C. HIV test kits and other diagnostics |
| 650 14 - SUBJECT ADDED ENTRY--TOPICAL TERM |
| 9 (RLIN) |
1180 |
| Topical term or geographic name entry element |
Sida |
| Form subdivision |
tratamiento |
| General subdivision |
aspectos económicos |
| 650 14 - SUBJECT ADDED ENTRY--TOPICAL TERM |
| 9 (RLIN) |
1180 |
| Topical term or geographic name entry element |
Sida |
| Form subdivision |
tratamiento farmacológico |
| 650 14 - SUBJECT ADDED ENTRY--TOPICAL TERM |
| 9 (RLIN) |
1634 |
| Topical term or geographic name entry element |
Patentes de medicamentos |
| 700 ## - ADDED ENTRY--PERSONAL NAME |
| 9 (RLIN) |
3453 |
| Personal name |
Tyler, Yolanda |
| Relator term |
ed. |
| 942 ## - ADDED ENTRY ELEMENTS (KOHA) |
| Source of classification or shelving scheme |
|
| Koha item type |
Libros |
| Edition |
22 |